000 00762nam a2200289Ia 4500
001 14870
003 IT-RoPAU
008 130308s9999 xx 000 0 und d
040 _aIT-RoPAU
040 _cIT-RoPAU
041 _aITALIANO
100 _aAttali Jacques
100 _gCodice Aut. SPICS: 9746
245 _aMusica e musicista nell'era della rappresentazione
245 _bSociologia della Musica (La)-Antologia
250 _a1a ed.
260 _aTORINO
260 _bEDT
260 _c1980 [1° Ed.:1980 - Ed.Ling.Originale:1977]
300 _a"11 p. (prefazione: no ; testo: 11 [pagine: 177-187])"
650 _aSAGGI MUSICALI
650 _eCodice materia Spics: 7011
942 _cBK
957 _71
999 _c60137
_d60137
999 _bSI
999 _g1